000
00333nam a2200145Ia 4500
999
_c
10685
_d
10685
003
OSt
005
20220516191303.0
008
200302s9999 xx 000 0 und d
100
_a
UNESCO
245
_a
Memory Of The World
260
_b
UNESCO Publishings, Harper Collins London
260
_c
2012
300
_a
607 P
942
_2
ddc